| 000 | 01378aam a2200301 i 4500 | ||
|---|---|---|---|
| 999 |
_c45801 _d45801 |
||
| 001 | 19436 | ||
| 003 | CO-MdFUSB | ||
| 005 | 20190202100239.0 | ||
| 008 | 180712t19661971enk||||g |||| 00| 0 eng d | ||
| 020 | _a334-01308-9 | ||
| 040 |
_aCO-MdFUSB _bspa _cCO-MdFUSB _dCO-MdFUSB _erda |
||
| 041 | _aeng | ||
| 082 |
_224 _aG 230 _bM173p |
||
| 100 | 1 |
_aMacquarrie, John _eautor |
|
| 245 | 0 | 0 |
_aPrinciples of Christian theology _c/ John Macquarrie |
| 264 | 1 |
_aLondon : _bSCM Press, _c℗1971 |
|
| 264 | 4 | _c©1966 | |
| 300 |
_axiv, 477 páginas _c; |
||
| 336 |
_2rdacontent _atexto _btxt |
||
| 337 |
_2rdamedia _asin mediación _bn |
||
| 338 |
_2rdacarrier _avolumen _bnc |
||
| 501 | _aIncluye índice (p. 465-477) | ||
| 505 | 0 | _aIntroducción -- Las tareas de la teología filosófica -- La existencia humana -- Revelación -- Ser y Dios -- El lenguaje de teología -- Religión y religiones -- Las tareas de la teología simbólica -- El Dios trino -- Creación y seres creativos -- Dios, el mundo y la maldad -- La persona de Jesucristo -- La obra de Cristo -- El Espíritu Santo y salvación -- Las últimas cosas -- Las tareas de teología aplicada -- La iglesia -- Ministerio y misión -- La palabra y sacramentos -- Culto y alabanza -- El cristianismo en el mundo | |
| 563 | _aRústico | ||
| 650 | 7 |
_aTeología doctrinal _2 _9179 |
|
| 942 | _cBK | ||